Statistics for Fifa 20 80+ La Liga Players

Click here to take the quiz!

General Stats

  • This quiz has been taken 50 times
  • The average score is 50 of 126

Answer Stats

TeamNationRatingAnswer% Correct
FC BarcelonaArgentina94Lionel Messi
100%
Real MadridBelgium91Eden Hazard
97%
FC BarcelonaUruguay89Luis Suarez
97%
Real MadridCroatia90Luka Modric
97%
FC BarcelonaFrance89Antoine Griezmann
94%
Atletico MadridSlovenia91Jan Oblak
94%
Real MadridFrance87Karim Benzema
94%
Real MadridSpain89Sergio Ramos
94%
Real MadridGermany88Toni Kroos
94%
Real MadridWales85Gareth Bale
91%
FC BarcelonaSpain88Gerard Pique
89%
FC BarcelonaGermany90Marc-Andre Ter Stegen
89%
Real MadridBrazil85Marcelo
89%
Real MadridBelgium88Thibaut Courtois
89%
FC BarcelonaCroatia86Ivan Rakitic
86%
Real MadridColombia85James Rodriguez
86%
FC BarcelonaNetherlands85Frenkie De Jong
83%
FC BarcelonaSpain87Jordi Alba
83%
Sevilla FCNetherlands82Luuk De Jong
83%
Real MadridFrance85Raphael Varane
83%
FC BarcelonaFrance86Samuel Umtiti
83%
FC BarcelonaSpain89Sergio Busquets
83%
FC BarcelonaFrance85Clement Lenglet
80%
FC BarcelonaBrazil84Arthur
71%
FC BarcelonaChile84Arturo Vidal
71%
Atletico MadridUruguay85Jose Maria Gimenez
71%
Real MadridBrazil87Casemiro
69%
Atletico MadridSpain83Diego Costa
69%
Real MadridSpain86Isco
69%
FC BarcelonaFrance84Ousmane Dembele
69%
Real MadridSpain85Dani Carvajal
66%
Atletico MadridSpain85Koke
66%
Valencia CFSpain86Daniel Parejo
63%
Atletico MadridSpain85Saul
63%
Real MadridSerbia83Luka Jovic
60%
Real BetisFrance84Nabil Fekir
60%
FC BarcelonaSpain82Sergi Roberto
60%
RC CeltaSpain85Iago Aspas
57%
Atletico MadridSpain83Alvaro Morata
54%
Real MadridSpain83Marco Asensio
54%
FC BarcelonaPortugal82Nelson Semedo
54%
FC BarcelonaBrazil85Norberto Neto
54%
Atletico MadridPortugal80Joao Felix
49%
Real MadridFrance80Ferland Mendy
46%
Atletico MadridMontenegro82Stefan Savic
46%
Atletico MadridFrance83Thomas Lemar
46%
Atletico MadridGhana82Thomas Partey
46%
Valencia CFSpain83Rodrigo
43%
Real BetisPortugal83William Carvalho
43%
Real BetisSpain84Sergio Canales
40%
Real MadridFrance82Alphonse Areola
37%
Atletico MadridBrazil84Felipe
37%
Atletico MadridMexico82Hector Herrera
37%
Valencia CFNetherlands83Jasper Cillessen
37%
Atletico MadridArgentina82Angel Correa
34%
Real MadridBrazil81Eder Militao
34%
Real MadridSpain81Lucas Vazquez
34%
Sevilla FCArgentina83Ever Banega
31%
Sevilla FCArgentina81Franco Vazquez
31%
Athletic BilbaoSpain82Inaki Williams
31%
Atletico MadridEngland80Kieran Trippier
31%
Real MadridSpain82Nacho Fernandez
31%
Athletic BilbaoSpain80Ibai Gomez
29%
Valencia CFUruguay80Maximilian Gomez
29%
Real SociedadSpain82Mikel Oyarzabal
29%
Villarreal CFSpain82Santi Cazorla
29%
Sevilla FCSpain80Sergi Gomez
29%
Valencia CFCentral African Republic81Geoffrey Kondogbia
26%
Villarreal CFSpain81Gerard Moreno
26%
Valencia CFPortugal83Goncalo Guedes
26%
Atletico MadridSpain80Marcos Llorente
26%
Villarreal CFSpain83Raul Albiol
26%
Athletic BilbaoSpain82Aritz Aduriz
23%
Getafe CFTogo83Dakonam Djene
23%
Sevilla FCSpain82Jesus Navas
23%
Levante UDSpain82Jose Luis Morales
23%
Real BetisSpain83Marc Bartra
23%
Valencia CFArgentina83Ezequiel Garay
20%
Athletic BilbaoSpain82Iker Muniain
20%
Valencia CFFrance81Kevin Gameiro
20%
Atletico MadridSpain80Mario Hermoso
20%
RC CeltaBrazil81Rafinha
20%
Real SociedadBrazil82Willian Jose
20%
Real MadridSpain80Alvaro Odriozola
17%
Real SociedadSpain83Asier Illarramendi
17%
Real BetisSpain83Borja Iglesias
17%
Valencia CFDenmark80Daniel Wass
17%
Athletic BilbaoSpain81Dani Garcia
17%
Sevilla FCBrazil81Fernando
17%
Athletic BilbaoSpain80Inigo Martinez
17%
Real BetisSpain80Joaquin
17%
Athletic BilbaoSpain80Raul Garcia
17%
Villarreal CFSpain82Sergio Asenjo
17%
Atletico MadridCroatia80Sime Vrsaljko
17%
Real BetisAlgeria80Aissa Mandi
14%
Getafe CFSpain82David Soria
14%
Valencia CFBrazil82Gabriel Paulista
14%
Sevilla FCCzech Republic81Tomas Vaclik
14%
Atletico MadridSpain81Antonio Adan
11%
Valencia CFSpain80Carlos Soler
11%
Real SociedadSpain80Cristian Portu
11%
RCD EspanyolSpain80Diego Lopez
11%
Deportivo AlavesSpain82Fernando Pacheco
11%
Valencia CFFrance80Francis Coquelin
11%
Getafe CFSpain80Jaime Mata
11%
Valencia CFSpain81Jose Gaya
11%
Real BetisSpain80Loren
11%
Real BetisSpain80Cristian Tello
9%
SD EibarSerbia80Marko Dmitrovic
9%
Sevilla FCIsrael80Moanes Dabbur
9%
RC CeltaSpain80Santi Mina
9%
Real BetisBrazil80Sidnei
9%
Athletic BilbaoSpain80Yeray
9%
SD EibarBrazil80Charles
6%
Real ValladolidSpain81Jordi Masip
6%
Getafe CFSpain80Jorge Molina
6%
Real SociedadSpain80Miguel Moya
6%
Sevilla FCPortugal80Rony Lopes
6%
RCD EspanyolSpain80Sergi Darder
6%
Real BetisMexico81Andres Guardado
3%
Athletic BilbaoSpain81Benat
3%
Levante UDSpain80Jose Campana
3%
RCD EspanyolSpain80Oscar Melendo
3%
SD EibarSpain80Sergi Enrich
3%
Getafe CFPortugal80Vitorino Antunes
3%
SD EibarSpain80Pedro Leon
0%

Score Distribution

Percentile by Number Answered

Percent of People with Each Score

Your Score History

You have not taken this quiz